000 00564nam a2200205 i 4500
001 C2-0296967
003 PPAK
005 20180728075247.0
008 090504s1988 my |||| ||||| | may d
040 _aPPAK
_beng
_cPPAK
_erda
082 0 4 _a378.155
_223
090 0 0 _a378.155
_bUNI
_dKIH
245 0 0 _aPanduan pengajian prasiswazah 1987/88
264 1 _aSelangor :
_bUniversiti Kebangsaan Malaysia ,
_c1988
300 _a219 pages ;
_c21 cm
336 _2rdacontent
_atext
337 _2rdamedia
_aunmediated
338 _2rdacarrier
_avolume
942 _ddc
_cB
999 _c101374
_d101374